| Tag |
First Indicator |
Second Indicator |
Subfields |
| LEADER |
00000cam a2200000 a 4500 |
| 001 |
in00001120313 |
| 005 |
20150930072747.0 |
| 008 |
930224s1993 txu s000 0 eng d |
| 035 |
|
|
|a (OCoLC)27547803
|
| 035 |
|
|
|9 AFW5131AM
|
| 040 |
|
|
|a IKM
|c IKM
|d TXA
|d UtOrBLW
|
| 049 |
|
|
|a TXAS [tamu]
|
| 086 |
|
|
|a R800.8 Im7
|2 txdocs
|
| 090 |
|
|
|a KF5624
|b .I67 1993
|
| 245 |
0 |
0 |
|a Impact of the Federal Wetlands Act on real estate /
|c CLE International, William Terry Bray, Judon Fambrough.
|
| 264 |
|
1 |
|a College Station, Tex. :
|b Real Estate Center, Texas A&M University,
|c [1993]
|
| 300 |
|
|
|a ii, 23 pages ;
|c 28 cm.
|
| 336 |
|
|
|a text
|b txt
|2 rdacontent
|
| 337 |
|
|
|a unmediated
|b n
|2 rdamedia
|
| 338 |
|
|
|a volume
|b nc
|2 rdacarrier
|
| 490 |
1 |
|
|a Technical report / Real Estate Center ;
|v 964
|
| 500 |
|
|
|a Cover title.
|
| 500 |
|
|
|a "January 1993."
|
| 500 |
|
|
|a "Based ... on presentations at "Texas wetlands" a conference sponsored by CLE International on April 2-3, 1992"--Pref.
|
| 650 |
|
0 |
|a Wetland conservation
|x Law and legislation
|z United States.
|
| 650 |
|
0 |
|a Wetlands
|x Law and legislation
|z United States.
|
| 650 |
|
0 |
|a Real property
|z United States.
|
| 700 |
1 |
|
|a Bray, William Terry.
|
| 700 |
1 |
|
|a Fambrough, Judon.
|
| 710 |
2 |
|
|a CLE international (Paris, France)
|
| 710 |
2 |
|
|a Texas A & M University.
|b Real Estate Center.
|
| 830 |
|
0 |
|a Technical report (Texas A & M University. Real Estate Center) ;
|v 964.
|
| 999 |
|
|
|a MARS
|
| 999 |
f |
f |
|s f8d8e322-06dd-36f0-b767-a978b2891aa5
|i 63f20d23-1e40-3e58-9008-76a62f73f20c
|t 0
|
| 952 |
f |
f |
|p ric
|a Texas A&M University
|b Rellis Campus
|c Joint Library Facility
|d Remote Storage
|t 0
|e KF5624 .I67 1993
|h Library of Congress classification
|i unmediated -- volume
|m A14817065539
|
| 952 |
f |
f |
|p noncirc
|a Texas A&M University
|b College Station
|c Cushing Memorial Library & Archives
|d Cushing: Texas A&M (Does not check out)
|t 0
|e KF5624 .I67 1993
|f Vertical File
|h Library of Congress classification
|i unmediated -- volume
|
| 998 |
f |
f |
|a KF5624 .I67 1993
|t 0
|l Remote Storage
|
| 998 |
f |
f |
|a KF5624 .I67 1993
|t 0
|l Cushing: Texas A&M (Does not check out)
|